HoMM3 All creatures - Statistics

General Stats
  • This quiz has been taken 28 times
  • The average score is 54 of 96
Answer Stats
Country Capital City % Correct
T2 Castle Archer
95%
T7 Castle Angel
90%
T1 Stronghold Goblin
90%
T7 Rampart Green Dragon
90%
T3 Castle Griffin
90%
T7 Dungeon Red dragon
90%
T6 Stronghold Cyclops
86%
T7 Inferno Devil
86%
T1 Inferno Imp
86%
T1 Necro Skeleton
86%
T4 Necro Vampire
86%
T7 Necro Bone dragon
81%
T2 Rampart Dwarf
81%
T2 Dungeon Harpy
81%
T7 Fortress Hydra
81%
T5 Castle Monk
81%
T6 Rampart Unicorn
81%
T7 Stronghold Behemoth
76%
T1 Rampart Centaur
76%
T5 Conflux Earth elem
76%
T5 Fortress Gorgon
76%
T5 Necro Lich
76%
T4 Dungeon Medusa
76%
T4 Stronghold Ogre
76%
T3 Stronghold Orc
76%
T1 Castle Pikeman
76%
T3 Conflux Water elem
76%
T4 Inferno Demon
71%
T7 Conflux Firebird
71%
T4 Conflux Fire elem
71%
T2 Inferno Gog
71%
T1 Tower Gremlin
71%
T6 Dungeon Manticore
71%
T5 Dungeon Minotaur
71%
T1 Conflux Pixie
71%
T5 Stronghold Roc
71%
T1 Dungeon Troglodyte
71%
T2 Stronghold Wolf rider
71%
T2 Conflux Air elem
67%
T6 Castle Cavalier
67%
T1 Fortress Gnoll
67%
T3 Inferno Hell hound
67%
T4 Tower Mage
67%
T6 Tower Naga
62%
T4 Rampart Pegasus
62%
T3 Tower Stone golem
62%
T4 Castle Swordsman
62%
T6 Inferno Efreet
57%
T7 Tower Giant
57%
T3 Rampart Wood elf
57%
T4 Fortress Basilisk
52%
T6 Necro Black knight
52%
T5 Tower Genie
52%
T2 Fortress Lizardman
52%
T1 Neutral Peasant
52%
T2 Necro Walking dead
52%
T6 Fortress Wyvern
52%
T7 Neutral Azure dragon
48%
T3 Dungeon Beholder
48%
T7 Neutral Crystal dragon
48%
T2 Tower Stone gargoyle
48%
T5 Neutral Gold golem
48%
T1 Factory Halfling
48%
T3 Cove Pirate
48%
T5 Inferno Pit fiend
48%
T3 Fortress Serpent fly
48%
T4 Neutral Sharpshooter
48%
T3 Necro Wight
48%
T7 Neutral Faerie dragon
43%
T3 Neutral Mummy
43%
T2 Neutral Rogue
43%
T7 Neutral Rust dragon
43%
T6 Neutral Diamond golem
38%
T3 Neutral Nomad
38%
T2 Neutral Boar
33%
T6 Neutral Enchanter
33%
T5 Rampart Dendroid guard
29%
T2 Neutral Leprechaun
29%
T6 Cove Nix
29%
T1 Cove Nymph
29%
T6 Conflux Psychic elem
29%
T7 Cove Sea serpent
29%
T4 Neutral Steel golem
29%
T4 Cove Stormbird
29%
T5 Neutral Troll
29%
T3 Factory Armadillo
24%
T4 Factory Automaton
24%
T7 Factory Couatl
24%
T2 Cove Crew mate
24%
T6 Factory Gunslinger
24%
T4 Neutral Satyr
24%
T5 Cove Sea witch
24%
T5 Factory Sandworm
19%
T7 Factory Dreadnought
14%
T2 Factory Mechanic
14%
T5 Neutral Fangarm
5%
No matching quizzes found
Score Distribution
Percent of People with Each Score
Percentile by Number Answered
Your Score History
You have not taken this quiz